Guía de procedimiento para ancianos de iglesia
Uloženo v:
| Korporativní autor: | |
|---|---|
| Médium: | Kniha |
| Jazyk: | španělština |
| Vydáno: |
Buenos Aires.
A.C.E.S.
1996.
|
| Témata: | |
| Tagy: |
Přidat tag
Žádné tagy, Buďte první, kdo vytvoří štítek k tomuto záznamu!
|
MARC
| LEADER | 00000nam a22000005a 4500 | ||
|---|---|---|---|
| 001 | 11689 | ||
| 003 | CL-ChBUA | ||
| 005 | 20120815103343.0 | ||
| 008 | 070301s1996 ag 000 0 spa | ||
| 020 | |a 9505735146 | ||
| 040 | |a CL-ChBUA |c CL-ChBUA | ||
| 082 | 0 | 0 | |a 268 |
| 090 | |c 11689 |d 11689 | ||
| 110 | 2 | |a Iglesia Adventista del Séptimo Día. | |
| 245 | 1 | 0 | |a Guía de procedimiento para ancianos de iglesia |
| 260 | |b A.C.E.S. |a Buenos Aires. |c 1996. | ||
| 300 | |a 160 p. |c 20 cm. | ||
| 504 | |a Indice. | ||
| 650 | 4 | |a INSTRUCCION RELIGIOSA. | |
| 942 | |c LIB | ||
| 952 | |0 0 |1 0 |4 0 |7 0 |9 30498 |a UNACH |b UNACH |c 200 |d 2007-06-28 |i 33.821 |l 7 |m 10 |o 268/ Ig 24gu |p 31551 |r 2018-05-24 00:00:00 |s 2018-03-28 |u 30498 |w 2012-08-08 |y LIB |k 268/ Ig 24gu | ||
| 952 | |0 0 |1 0 |4 0 |7 0 |9 56609 |a UNACH |b UNACH |c 200 |d 2008-06-30 |i 33.832 |l 2 |m 1 |o 268/ Ig 24gu/ cuest. |p 57695 |r 2018-05-24 00:00:00 |s 2016-05-23 |u 56609 |w 2012-08-08 |y LIB |k 268/ Ig 24gu/ cuest. | ||
| 999 | |c 11689 |d 11689 | ||